000 00591nam a22001937a 4500
003 ASAB
005 20180827062822.0
008 180330t xxu||||| |||| 00| 0 eng d
040 _cASAB
082 _aThesis 2016 AT
100 _aAmeema Tariq-sup-Dr. Touqeer Ahmed
_93575
245 _aTH-MS-Effects of curcumin on Cognition in young overstimulated mice.
_cAmeema Tariq-sup-Dr. Touqeer Ahmed
250 _a2016
260 _aIslamabad.
_bASAB NUST Islamabad.
_c2016
300 _axiv,76 P.
630 _aHealthcare Biotechnology
_93576
630 _acurcumin
_93577
942 _2ddc
_cTH
999 _c480754
_d480754